Πρότυπα διαχείρισης αποθεμάτων - θεωρητική προσέγγιση και πρακτικές εφαρμογές : διπλωματική εργασία

Αποθηκεύτηκε σε:
Λεπτομέρειες βιβλιογραφικής εγγραφής
Κύριος συγγραφέας: Χαλιμούρδα, Χριστίνα
Συγγραφή απο Οργανισμό/Αρχή: Πανεπιστήμιο Αιγαίου Σχολή Επιστημών της Διοίκησης Τμήμα Διοίκησης Επιχειρήσεων - Τ.Δ.Ε
Άλλοι συγγραφείς: Αγγελής, Βασίλης (Εισηγητής διατριβής)
Μορφή: Thesis Βιβλίο
Γλώσσα:Greek
Δημοσίευση: 2003
Θέματα:
Ετικέτες: Προσθήκη ετικέτας
Δεν υπάρχουν, Καταχωρήστε ετικέτα πρώτοι!

MARC

LEADER 00000cam a2200000 i 4500
001 1/48524
008 040216s2003 gre d
035 |l 10072263 
040 |a GR-MY-UA  |b gre  |e aacr 
041 0 |a gre 
082 0 |a 658.4034  |2 (22) 
100 1 |a Χαλιμούρδα, Χριστίνα. 
245 1 0 |a Πρότυπα διαχείρισης αποθεμάτων - θεωρητική προσέγγιση και πρακτικές εφαρμογές :  |b διπλωματική εργασία /  |c Χριστίνα Χαλιμούρδα ; επιβλέπων: Βασίλειος Αγγελής 
260 |c 2003 
300 |a 100 σ.;  |b διαγρ., πιν.;  |c 30 εκ. 
502 # # |a Πτυχιακή εργασία – Πανεπιστήμιο Αιγαίου, Χίος, 2003. 
504 |a Περιλαμβάνει βιβλιογραφία 
610 2 0 |a Πανεπιστήμιο Αιγαίου. 
650 0 0 |a Operations research. 
650 0 0 |a Decision support systems. 
650 0 0 |a Dissertations, Academic  |z Greece. 
700 1 |a Αγγελής, Βασίλης.  |4 ths 
710 1 |a Πανεπιστήμιο Αιγαίου  |b Σχολή Επιστημών της Διοίκησης  |b Τμήμα Διοίκησης Επιχειρήσεων - Τ.Δ.Ε. 
852 |a INST  |b CHIOS  |c DIATR  |e 20040216  |h 658.4034 ΧΑΛ  |p 005200023617  |q 005200023617  |t DIE  |y 23 
852 |a INST  |b CHIOS  |c DIATR  |e 20040216  |h 658.4034 ΧΑΛ  |p 005200023618  |q 005200023618  |t DIE  |y 23 
901 |a BIBL2-2004-1 
901 |a BIBL2-2005-2 
909 |a Χ  |b 108543 
909 |a Χ  |b 108544 
924 |a ΧΑΛΙΜΟΥΡΔΑ  |b ΧΡΙΣΤΙΝΑ  |y ΧΙΟΣ  |z 2004-07 
970 |a ΒΑΣΙΛΑΚΗ  |b ΝΙΚΗ  |z 2004/02/16